000 01902cam a2200181 4500500
005 20251228052820.0
041 _afre
042 _adc
100 1 0 _aLefèvre, Mathias
_eauthor
700 1 0 _aLuzi, Jacques
_eauthor
245 0 0 _aFace à la catastrophe : l’autonomie contre l’État
260 _c2016.
500 _a82
520 _aLa notion d’écosystème recouvre de multiples dimensions, à la fois théoriques, pratiques et symboliques. Elle peut être rapprochée des notions de territoire, également riche et complexe, et d’habitat, plus ancienne mais non moins riche et sans doute plus englobante (tout être vivant « habite » quelque chose ou quelque part). Ces multiples dimensions et ces rapprochements s’imposent à toute réflexion éthique concernant les êtres vivants. Celle-ci ne peut être qu’anthropologique – plus précisément « anthropocentrée » et non bio ou écocentrée – et conduire à des mesures juridiques et politiques à mettre en œuvre par la communauté humaine dans son ensemble.
520 _aThe concept of ecosystem is of multidimensional nature, at the same time theoretical, practical and symbolic. It may be related to the concept of territory, rich and complex as well, and to the concept of habitat, older but as rich and probably more comprehensive (all living beings inhabit something or somewhere). These multiple dimensions and relatedness must be taken into account in any ethical reflection about living beings. Such an ethical reflection can only be anthropological—that is “anthropocentered,” not bio- or eco-centered—and lead to legal and political measures to be implemented by the whole human community.
786 0 _nÉcologie & Politique | 53 | 2 | 2016-12-01 | p. 15-28 | 1166-3030
856 4 1 _uhttps://shs.cairn.info/revue-ecologie-et-politique-2016-2-page-15?lang=fr&redirect-ssocas=7080
999 _c1584582
_d1584582